000 00473nam a22001697a 4500
003 BD-ChCU
005 20260301120635.0
008 260301b bg ||||| |||| 00| 0 ben d
040 _cBD-ChCU
082 _a591.4 TAR
100 _aTaylor, John A.
_920679
245 _aRegional and applied anatomy of the domestic animals.//
_cJohn A. Taylor.
260 _aEdinburgh,
_bOliver and boyd.
_c1955
300 _aPart 1-2
650 0 _aAnatomy.
_920680
942 _2ddc
_cBK
_n0
999 _c111790
_d111790